[Event "Ports Lge"]
[Site "?"]
[Date "1981.??.??"]
[Round "?"]
[White "Jones, John H"]
[Black "Brameld, Arthur F"]
[Result "1/2-1/2"]
[WhiteElo "2085"]
[BlackElo "2175"]
[PlyCount "60"]
[EventDate "1981.??.??"]
[EventType "swiss"]

1. e4 Nf6 2. e5 Nd5 3. c4 Nb6 4. c5 Nd5 5. Bc4 e6 6. Nc3 Nxc3 7. dxc3 Qh4 8. Qe2 Bxc5 9. Nf3 Qe7 10. Bg5 f6 11. exf6 gxf6 12. Bh6 Nc6 13. O-O-O d5 14. Bb3 Bd7 15. Rhe1 O-O-O 16. h3 Rhg8 17. Qf1 Qd6 18. g3 Ne7 19. Nd2 Qb6 20. Be3 Bxe3 21. Rxe3 Nf5 22. Ree1 Bb5 23. Qg1 Ba6 24. g4 h5 25. f3 Qxg1 26. Rxg1 Nh4 27. Rde1 e5 28. Bc2 Rh8 29. g5 fxg5 30. Rxe5 Rhf8 1/2-1/2

[Event "Ports Lge"]
[Site "?"]
[Date "1981.??.??"]
[Round "?"]
[White "Brameld, Arthur F"]
[Black "Wells, Peter K"]
[Result "0-1"]
[WhiteElo "2175"]
[BlackElo "2205"]
[PlyCount "60"]
[EventDate "1981.??.??"]
[EventType "swiss"]

1. e4 c6 2. d4 d5 3. exd5 cxd5 4. c4 Nf6 5. Nc3 e6 6. Nf3 Be7 7. c5 O-O 8. Bd3 b6 9. b4 a5 10. Na4 Nfd7 11. a3 axb4 12. axb4 bxc5 13. bxc5 e5 14. Nxe5 Bxc5 15. O-O Bxd4 16. Bxh7+ Kxh7 17. Qxd4 Nxe5 18. Qxe5 Nc6 19. Qh5+ Kg8 20. Rd1 d4 21. Qc5 Qf6 22. Bg5 Qg6 23. Nb6 Rxa1 24. Rxa1 Bb7 25. Re1 f6 26. Bf4 Ne5 27. Bg3 d3 28. Nd5 d2 29. Rd1 Qe4 30. Ne3 Rc8 0-1

[Event "CoshCh"]
[Site "?"]
[Date "1981.??.??"]
[Round "?"]
[White "Carter, Anthony FC"]
[Black "Brameld, Arthur F"]
[Result "0-1"]
[WhiteElo "2080"]
[BlackElo "2150"]
[PlyCount "48"]
[EventDate "1981.??.??"]
[EventType "swiss"]

1. e4 e6 2. d4 d5 3. Nc3 Bb4 4. exd5 exd5 5. Nf3 Bg4 6. Be2 Nf6 7. O-O O-O 8. Bg5 c6 9. h3 Bf5 10. Ne5 Be7 11. g4 Be4 12. Nxe4 Nxe4 13. Bf4 Bg5 14. Bh2 Nd2 15. Re1 Qf6 16. h4 Ne4 17. hxg5 Qxf2+ 18. Kh1 f6 19. Rf1 fxe5 20. Qd3 Nd7 21. c3 Qh4 22. Kg2 Rf2+ 23. Rxf2 Qxf2+ 24. Kh3 Nxg5# 0-1

[Event "Ports Lge"]
[Site "?"]
[Date "1981.??.??"]
[Round "?"]
[White "Wheeler, John F"]
[Black "Brameld, Arthur F"]
[Result "1/2-1/2"]
[WhiteElo "2125"]
[BlackElo "2150"]
[PlyCount "86"]
[EventDate "1981.??.??"]
[EventType "swiss"]

1. Nf3 g6 2. g3 Bg7 3. Bg2 Nf6 4. O-O O-O 5. c4 d6 6. d4 Nbd7 7. Nc3 e5 8. e4 c6 9. Re1 Re8 10. d5 c5 11. Nd2 Qe7 12. f4 exf4 13. gxf4 Nh5 14. Nf3 Bxc3 15. bxc3 Qf6 16. f5 Ne5 17. Nxe5 Qxe5 18. Be3 Nf6 19. Qf3 Qxe4 20. Qg3 Qg4 21. Qxd6 Ne4 22. Qf4 Qxf4 23. Bxf4 Bxf5 24. Re3 g5 25. Bxg5 Nxg5 26. Rg3 f6 27. h4 h6 28. hxg5 fxg5 29. Rf1 Re5 30. Rgf3 Bg6 31. R1f2 g4 32. Rf6 Bd3 33. Rxh6 g3 34. Rf3 Re1+ 35. Bf1 g2 36. Rg3+ Kf7 37. Kxg2 Bxf1+ 38. Kf2 Rb1 39. Rh7+ Kf6 40. Rh6+ Kf5 41. Rh5+ Kf4 42. Rh4+ Ke5 43. Rh5+ Kf6 1/2-1/2

[Event "CoshCh"]
[Site "?"]
[Date "1981.??.??"]
[Round "?"]
[White "Abercrombie, Forbes"]
[Black "Brameld, Arthur F"]
[Result "0-1"]
[WhiteElo "1780"]
[BlackElo "2150"]
[PlyCount "58"]
[EventDate "1981.??.??"]
[EventType "swiss"]

1. e4 Nf6 2. e5 Nd5 3. c4 Nb6 4. c5 Nd5 5. d4 b6 6. Nf3 e6 7. cxb6 axb6 8. Nc3 Bb7 9. Bc4 Nxc3 10. bxc3 d5 11. Bd3 Ba6 12. O-O Bxd3 13. Qxd3 Be7 14. Bb2 Ra4 15. Rfc1 O-O 16. c4 Na6 17. cxd5 Qxd5 18. Qb3 Qd7 19. a3 Ra8 20. Qc2 Ra7 21. Rd1 Qb5 22. h3 h6 23. Kh2 c6 24. Nd2 Nc7 25. Rdc1 Nd5 26. Ne4 c5 27. dxc5 bxc5 28. Nxc5 Bxc5 29. Qxc5 Qxb2 0-1

[Event "NatClub"]
[Site "?"]
[Date "1981.??.??"]
[Round "?"]
[White "Brameld, Arthur F"]
[Black "Cowling, M."]
[Result "1/2-1/2"]
[WhiteElo "2150"]
[BlackElo "2165"]
[PlyCount "40"]
[EventDate "1981.??.??"]
[EventType "game"]

1. e4 c5 2. Nf3 d6 3. d4 cxd4 4. Qxd4 Nc6 5. Bb5 Bd7 6. Bxc6 Bxc6 7. Nc3 Nf6 8. Bg5 e6 9. O-O-O Be7 10. Rhe1 O-O 11. e5 Nd5 12. Bxe7 Qxe7 13. exd6 Qxd6 14. Ne5 Rfd8 15. Nxd5 Bxd5 16. c4 Qc7 17. Kb1 Bxc4 18. Qc3 b5 19. b3 Rxd1+ 20. Rxd1 b4 1/2-1/2

[Event "Ports Lge"]
[Site "?"]
[Date "1981.??.??"]
[Round "?"]
[White "Welch, Ian"]
[Black "Brameld, Arthur F"]
[Result "1-0"]
[WhiteElo "2165"]
[BlackElo "2150"]
[PlyCount "109"]
[EventDate "1981.??.??"]
[EventType "swiss"]

1. e4 Nf6 2. e5 Nd5 3. d4 d6 4. Nf3 g6 5. Bc4 Nb6 6. Bb3 Bg7 7. Ng5 d5 8. f4 f6 9. Nf3 O-O 10. O-O Nc6 11. c3 Be6 12. Nbd2 Qd7 13. Qe1 Na5 14. Bc2 Bf5 15. Bxf5 Qxf5 16. Qh4 Nbc4 17. Nxc4 Nxc4 18. b3 Na5 19. Ba3 Rfe8 20. Ne1 Nc6 21. Rd1 Qe4 22. Nd3 fxe5 23. Rfe1 Qf5 24. fxe5 b6 25. Rf1 Qd7 26. Nf4 Rf8 27. e6 Qd8 28. Nh3 Rf6 29. Ng5 h6 30. Nf7 Qf8 31. Rxf6 Bxf6 32. Qg3 Kh7 33. Rf1 Qg8 34. Qxc7 Rc8 35. Qf4 Qg7 36. Bc1 g5 37. Qf5+ Qg6 38. Qxd5 Qc2 39. Qc4 b5 40. Qc5 a6 41. d5 Nd4 42. Qxc8 Ne2+ 43. Kh1 Nxc1 44. Qc5 Nd3 45. Qe3 Nf4 46. Qf3 Bxc3 47. g3 Nh3 48. Qf5+ Qxf5 49. Rxf5 Kg6 50. Rf1 Bd4 51. Kg2 g4 52. d6 Bc5 53. d7 Bb6 54. d8=Q Bxd8 55. Nxd8 1-0

[Event "Ports Lge"]
[Site "?"]
[Date "1981.??.??"]
[Round "?"]
[White "Brameld, Arthur F"]
[Black "Wells, Peter K"]
[Result "1-0"]
[WhiteElo "2150"]
[BlackElo "2285"]
[PlyCount "75"]
[EventDate "1981.??.??"]
[EventType "swiss"]

1. d4 Nf6 2. c4 e6 3. Nc3 Bb4 4. Bg5 c5 5. d5 d6 6. e3 Bxc3+ 7. bxc3 e5 8. f3 Nbd7 9. Nh3 Nf8 10. Nf2 h6 11. Bh4 Ng6 12. Bg3 Nh5 13. Qd2 O-O 14. Be2 Nh4 15. O-O Nf5 16. Ne4 Nfxg3 17. Nxg3 Nxg3 18. hxg3 Qg5 19. Kf2 Bd7 20. Rh1 f5 21. Rh4 Rab8 22. Rah1 b5 23. cxb5 Bxb5 24. Rb1 Bxe2 25. Rxb8 Rxb8 26. Qxe2 Qd8 27. Ra4 Rb1 28. Qa6 Qb8 29. g4 fxg4 30. Rxg4 Rb6 31. Qa4 Qc7 32. Qe8+ Kh7 33. Qg6+ Kh8 34. Qe6 Rb8 35. Rg6 Qd8 36. Kg3 Rb6 37. Qf7 Qg8 38. Qxa7 1-0

[Event "IntService"]
[Site "?"]
[Date "1981.??.??"]
[Round "?"]
[White "Cook, M."]
[Black "Brameld, Arthur F"]
[Result "1-0"]
[WhiteElo "1880"]
[BlackElo "2150"]
[PlyCount "73"]
[EventDate "1981.??.??"]
[EventType "tourn"]
[EventRounds "2"]

1. Nf3 g6 2. g3 Bg7 3. Bg2 e5 4. d3 d6 5. c4 Nc6 6. Nc3 h6 7. Bd2 Be6 8. Rb1 Qd7 9. Nd5 Nce7 10. Qb3 c6 11. Nc3 Nf6 12. O-O O-O 13. Qd1 Nh5 14. e4 f5 15. exf5 Bxf5 16. Be3 Bg4 17. Ne4 Rf7 18. h3 Bxh3 19. Bxh3 Qxh3 20. Nxd6 Nxg3 21. fxg3 Qxg3+ 22. Kh1 Nf5 23. Nxf5 Rxf5 24. Qe2 Rh5+ 25. Nh2 Rxh2+ 26. Qxh2 Qxe3 27. Rbd1 Rd8 28. Rfe1 Rxd3 29. Rxe3 Rxd1+ 30. Kg2 Rd2+ 31. Kh1 Rxh2+ 32. Kxh2 b6 33. Ra3 e4 34. Rxa7 Bxb2 35. Re7 b5 36. Rxe4 b4 37. Re6 1-0

[Event "CoshCh"]
[Site "?"]
[Date "1982.??.??"]
[Round "?"]
[White "Brameld, Arthur F"]
[Black "Smith, R."]
[Result "1-0"]
[WhiteElo "2150"]
[BlackElo "2800"]
[PlyCount "55"]
[EventDate "1982.??.??"]
[EventType "swiss"]

1. e4 e6 2. d4 d5 3. Nc3 Nf6 4. e5 Nfd7 5. f4 c5 6. Nf3 Nc6 7. Be3 Qb6 8. Na4 Qb4+ 9. c3 Qa5 10. Nxc5 Bxc5 11. dxc5 O-O 12. b4 Qc7 13. Bd3 f6 14. Nd4 Nxd4 15. Bxd4 fxe5 16. fxe5 Qd8 17. Qh5 h6 18. Kd2 Qe8 19. Bg6 Qd8 20. Raf1 Qg5+ 21. Qxg5 hxg5 22. g4 Rxf1 23. Rxf1 Nf8 24. Bf7+ Kh8 25. Be3 Nh7 26. Rf3 Bd7 27. Rh3 Rf8 28. Bg6 1-0

[Event "Ports Lge"]
[Site "?"]
[Date "1982.??.??"]
[Round "?"]
[White "Brameld, Arthur F"]
[Black "Bryan, Colin"]
[Result "1-0"]
[WhiteElo "2150"]
[BlackElo "1855"]
[PlyCount "45"]
[EventDate "1982.??.??"]
[EventType "swiss"]

1. e4 Nc6 2. Nf3 d6 3. d4 Nf6 4. Nc3 Bg4 5. Be3 e5 6. d5 Nb8 7. h3 Bxf3 8. Qxf3 Nbd7 9. O-O-O a6 10. g4 h6 11. h4 Qe7 12. Bh3 O-O-O 13. g5 Ng8 14. Rdg1 g6 15. Kb1 Bg7 16. h5 gxh5 17. gxh6 Bxh6 18. Bxh6 Rxh6 19. Qe3 Rg6 20. Rxg6 fxg6 21. Qa7 c5 22. dxc6 bxc6 23. Na4 1-0

[Event "HLge"]
[Site "?"]
[Date "1982.??.??"]
[Round "?"]
[White "Rossiter, Philip"]
[Black "Brameld, Arthur F"]
[Result "1/2-1/2"]
[WhiteElo "1910"]
[BlackElo "2150"]
[PlyCount "163"]
[EventDate "1982.??.??"]
[EventType "swiss"]

1. d4 Nf6 2. Nf3 e6 3. Bf4 c5 4. e3 Qb6 5. Nc3 a6 6. Na4 Qa5+ 7. c3 d6 8. dxc5 dxc5 9. Rb1 Bd7 10. b3 b5 11. Nb2 Qxc3+ 12. Nd2 Ne4 13. Nd3 Bc6 14. Rb2 Nd7 15. Rc2 Qf6 16. Nf3 g5 17. Be5 Nxe5 18. Nfxe5 Bb7 19. f3 Nd6 20. Ng4 Qd8 21. Qa1 f6 22. Nxf6+ Kf7 23. Ne5+ Ke7 24. Neg4 Bg7 25. Qe5 Rf8 26. e4 Bxf6 27. Nxf6 Rxf6 28. Qxg5 Nf7 29. Qxc5+ Qd6 30. e5 Qxc5 31. Rxc5 Rf5 32. Rc7+ Kf8 33. Rxb7 Rxe5+ 34. Kf2 Rd8 35. Kg3 Rd1 36. a4 bxa4 37. bxa4 Ree1 38. Kf2 Ne5 39. Rb3 Ra1 40. h4 Kf7 41. g4 Rec1 42. Re3 Nc4 43. Bxc4 Rxh1 44. Rxe6 Kg7 45. Rxa6 Rxh4 46. Kg3 Rhh1 47. Ra7+ Kf6 48. Kf4 h6 49. Ra6+ Ke7 50. Kf5 Rac1 51. Re6+ Kd8 52. Bb5 Rc5+ 53. Kg6 Rc3 54. f4 Rg3 55. Kf5 Rh2 56. a5 Ra3 57. a6 Ra5 58. Re5 Rb2 59. Bc4 Ra4 60. Bb5 Ra5 61. Bd3 Ra3 62. Rd5+ Kc7 63. Ke6 Rd2 64. Rd7+ Kb6 65. Rb7+ Kc5 66. Rc7+ Kb6 67. Rb7+ Kc5 68. Bb5 Ra5 69. a7 Rda2 70. Be8 Rxa7 71. Rxa7 Rxa7 72. Kf6 Kd4 73. Bh5 Ke4 74. f5 Kf4 75. Kg6 Ra6+ 76. Kg7 Kg5 77. Kf7 Rb6 78. Ke7 Ra6 79. Kf7 Rf6+ 80. Ke7 Rxf5 81. gxf5 Kxf5 82. Bf7 1/2-1/2

[Event "Ports Lge"]
[Site "?"]
[Date "1982.??.??"]
[Round "?"]
[White "Bryan, Colin"]
[Black "Brameld, Arthur F"]
[Result "0-1"]
[WhiteElo "1855"]
[BlackElo "2150"]
[PlyCount "62"]
[EventDate "1982.??.??"]
[EventType "swiss"]

1. d4 c5 2. Nf3 cxd4 3. Nxd4 g6 4. g3 Bg7 5. Bg2 Nc6 6. Nxc6 bxc6 7. O-O Rb8 8. c3 f5 9. Qc2 Qc7 10. e4 fxe4 11. Qxe4 Nf6 12. Qe2 O-O 13. Qxe7 Ba6 14. Bf4 Qb6 15. Bxb8 Bxf1 16. Bxf1 Ng4 17. Bc4+ Kh8 18. Qe2 Rxf2 19. Bc7 Rxe2+ 20. Bxb6 Re1+ 21. Kg2 axb6 22. Kf3 Ne5+ 23. Kf2 Rh1 24. Kg2 Rc1 25. Be2 Rc2 26. Kf1 Rxb2 27. a4 Bf8 28. Na3 Rb3 29. a5 bxa5 30. Nc4 Nxc4 31. Bxc4 Rxc3 0-1

[Event "CoshCh"]
[Site "?"]
[Date "1982.??.??"]
[Round "?"]
[White "Brameld, Arthur F"]
[Black "Smith, Andrew D"]
[Result "1-0"]
[WhiteElo "2150"]
[BlackElo "2610"]
[PlyCount "39"]
[EventDate "1982.??.??"]
[EventType "swiss"]

1. e4 e6 2. d4 d5 3. Nc3 Nf6 4. e5 Nfd7 5. f4 c5 6. Nf3 Nc6 7. Be3 Be7 8. Qd2 cxd4 9. Nxd4 Nxd4 10. Bxd4 Bb4 11. a3 Qa5 12. Bd3 Be7 13. O-O O-O 14. Rf2 f6 15. g4 fxe5 16. fxe5 Rxf2 17. Qxf2 Qc7 18. Rf1 Nf8 19. Qf7+ Kh8 20. Qxf8+ 1-0

[Event "NatClub"]
[Site "?"]
[Date "1982.??.??"]
[Round "?"]
[White "Shutler, S."]
[Black "Brameld, Arthur F"]
[Result "1/2-1/2"]
[WhiteElo "2205"]
[BlackElo "2150"]
[PlyCount "33"]
[EventDate "1982.??.??"]
[EventType "simul"]
[EventRounds "2"]

1. e4 Nf6 2. e5 Nd5 3. Nc3 Nxc3 4. dxc3 d5 5. exd6 cxd6 6. Bc4 e6 7. Qe2 d5 8. Bb5+ Nc6 9. Bf4 Bd6 10. Bxd6 Qxd6 11. Nf3 a6 12. Bxc6+ bxc6 13. Qe5 Qxe5+ 14. Nxe5 Bd7 15. O-O-O Ke7 16. Nxd7 Kxd7 17. c4 1/2-1/2

[Event "Ports Lge"]
[Site "?"]
[Date "1982.??.??"]
[Round "?"]
[White "Brameld, Arthur F"]
[Black "Wheeler, John F"]
[Result "1/2-1/2"]
[WhiteElo "2150"]
[BlackElo "2125"]
[PlyCount "81"]
[EventDate "1982.??.??"]
[EventType "swiss"]

1. e4 d6 2. d4 Nf6 3. Nc3 g6 4. f4 Bg7 5. Bd3 O-O 6. Nf3 Nc6 7. O-O Bg4 8. e5 dxe5 9. dxe5 Nd5 10. h3 Bf5 11. Nxd5 Qxd5 12. Bxf5 Qxd1 13. Rxd1 gxf5 14. Be3 Rfd8 15. c3 e6 16. Bf2 Bf8 17. g4 fxg4 18. hxg4 Be7 19. Kg2 Rxd1 20. Rxd1 Rd8 21. Rxd8+ Bxd8 22. Nd2 b6 23. Kf3 f6 24. exf6 Bxf6 25. Ne4 Be7 26. b4 a6 27. Ke3 h6 28. Kd3 Kg7 29. Ng3 Kg6 30. Ne2 h5 31. gxh5+ Kxh5 32. Nd4 Nxd4 33. Bxd4 Kg6 34. Ke4 c5 35. bxc5 bxc5 36. Be5 Bf8 37. Bc7 Kf6 38. Bd8+ Kf7 39. c4 Ke8 40. Bh4 Kd7 41. f5 1/2-1/2

[Event "CoshCh"]
[Site "?"]
[Date "1982.??.??"]
[Round "?"]
[White "Dean, Stuart"]
[Black "Brameld, Arthur F"]
[Result "0-1"]
[WhiteElo "1880"]
[BlackElo "2150"]
[PlyCount "104"]
[EventDate "1982.??.??"]
[EventType "swiss"]

1. c4 e5 2. Nc3 Nc6 3. Nf3 g6 4. d3 Bg7 5. g3 d6 6. Bg2 h6 7. Bd2 Be6 8. Rb1 Qd7 9. b4 Nge7 10. O-O O-O 11. b5 Nd8 12. Qc1 Kh7 13. a4 Bh3 14. Qa3 Bxg2 15. Kxg2 Ne6 16. Nd5 f5 17. e3 g5 18. Bb4 Ng6 19. Rbd1 f4 20. d4 g4 21. Nxe5 dxe5 22. Bxf8 Rxf8 23. dxe5 f3+ 24. Kh1 Qe8 25. Nf4 Nxe5 26. Rd5 Nxf4 27. exf4 Ng6 28. Qd3 Qe2 29. Kg1 Re8 30. Rd7 Qxd3 31. Rxd3 Re4 32. h3 h5 33. c5 Rxa4 34. Rd7 Nf8 35. Rxc7 Ne6 36. Rxb7 Nxc5 37. Rc7 Ne6 38. Re7 Nd4 39. Rd1 Kg6 40. Rb7 Ne2+ 41. Kf1 Bd4 42. hxg4 hxg4 43. Rd7 Ra2 44. Rd5 Kf6 45. Ke1 Bb6 46. Rd6+ Ke7 47. Rc6 Nd4 48. Rc4 Nf5 49. Re4+ Kf6 50. Rc1 Bxf2+ 51. Kd1 Ne3+ 52. Rxe3 Bxe3 0-1

[Event "RNCC"]
[Site "?"]
[Date "1982.??.??"]
[Round "1"]
[White "Brameld, Arthur F"]
[Black "Bradley, C."]
[Result "1-0"]
[WhiteElo "2150"]
[BlackElo "2760"]
[PlyCount "89"]
[EventDate "1982.??.??"]
[EventType "simul"]
[EventRounds "7"]

1. e4 e6 2. d4 c6 3. f4 d6 4. Nf3 g6 5. Nc3 Be7 6. Bd3 Nd7 7. O-O Ngf6 8. Qe1 h6 9. h3 d5 10. e5 Nh7 11. Qg3 Ndf8 12. f5 g5 13. f6 Nxf6 14. exf6 Bxf6 15. Ne5 Nd7 16. Qf3 Qe7 17. Nxd7 Bxd4+ 18. Be3 Bxe3+ 19. Qxe3 Bxd7 20. Qe5 O-O-O 21. a4 Rhf8 22. Rf6 d4 23. Ne4 Be8 24. Bc4 Qb4 25. b3 d3 26. cxd3 Qb6+ 27. Nc5 Rd5 28. Bxd5 Qxc5+ 29. Kh1 cxd5 30. Rxh6 Bc6 31. Rf1 g4 32. hxg4 Bd7 33. Rh8 Rxh8+ 34. Qxh8+ Kc7 35. Qe5+ Qd6 36. Qxd6+ Kxd6 37. Rxf7 Bc6 38. g5 Ke5 39. g6 Be8 40. Kh2 Kd6 41. Rf6 Ke7 42. g7 Bf7 43. Rf1 b6 44. g4 e5 45. g5 1-0

[Event "RNCC"]
[Site "?"]
[Date "1982.??.??"]
[Round "2"]
[White "Pancott, Brian"]
[Black "Brameld, Arthur F"]
[Result "0-1"]
[WhiteElo "1700"]
[BlackElo "2150"]
[PlyCount "120"]
[EventDate "1982.??.??"]
[EventType "simul"]
[EventRounds "7"]

1. e4 Nf6 2. Nc3 d5 3. e5 Ne4 4. Nxe4 dxe4 5. b3 Qd4 6. Rb1 Qxe5 7. Bb2 Qa5 8. Bc3 Qc5 9. Qe2 Bf5 10. Qh5 Nd7 11. Ne2 Bg6 12. Qxc5 Nxc5 13. Nf4 e6 14. Nxg6 hxg6 15. Bc4 O-O-O 16. b4 Na4 17. Ba1 Nb6 18. Be2 Nd5 19. a3 f5 20. g3 g5 21. c4 Ne7 22. a4 Nc6 23. c5 Nd4 24. Bxd4 Rxd4 25. Rb2 g4 26. O-O Be7 27. Rc1 Bg5 28. Bc4 Kd7 29. Rcc2 Rd8 30. Kf1 Ke7 31. Ke2 Rh8 32. b5 Rxh2 33. b6 axb6 34. cxb6 c6 35. a5 Rh8 36. a6 bxa6 37. Bxa6 Kd7 38. Ra2 Rb4 39. Bc8+ Rxc8 40. Rcb2 Rxb2 41. Rxb2 Rd8 42. d3 exd3+ 43. Kxd3 Kc8+ 44. Kc4 Kb7 45. Kc5 Bf6 46. Re2 Bd4+ 47. Kb4 e5 48. Kc4 Kxb6 49. Ra2 g5 50. Rd2 Ra8 51. Kb4 c5+ 52. Kb3 Kc6 53. Rc2 Rb8+ 54. Ka4 Rb2 55. Rc4 Kd5 56. Rc1 c4 57. Ka5 Bc5 58. Ka4 Rb4+ 59. Ka5 Kc6 60. Rd1 Rb8 0-1

[Event "RNCC"]
[Site "?"]
[Date "1982.??.??"]
[Round "3"]
[White "Brameld, Arthur F"]
[Black "Schreiber, Ian"]
[Result "1-0"]
[WhiteElo "2150"]
[BlackElo "1695"]
[PlyCount "61"]
[EventDate "1982.??.??"]
[EventType "simul"]
[EventRounds "7"]

1. e4 e6 2. d4 d5 3. Nc3 Nf6 4. e5 Nfd7 5. f4 c5 6. Nf3 cxd4 7. Nxd4 a6 8. Bd3 Nc5 9. Be2 g6 10. Be3 Bd7 11. a4 Nc6 12. Nxc6 Bxc6 13. b4 Ne4 14. Nxe4 dxe4 15. b5 Bb4+ 16. Kf2 Qxd1 17. Rhxd1 Bd7 18. Rab1 a5 19. c3 Bxc3 20. Rbc1 Rc8 21. Bb6 f5 22. exf6 Bxf6 23. Rxc8+ Bxc8 24. Bxa5 Be7 25. Bb6 O-O 26. Ke3 Rf5 27. Rc1 Rf8 28. Bg4 Bd6 29. Rxc8 Bxf4+ 30. Kxe4 Bxh2 31. Bxe6+ 1-0

[Event "RNCC"]
[Site "?"]
[Date "1982.??.??"]
[Round "4"]
[White "Perrin, R."]
[Black "Brameld, Arthur F"]
[Result "0-1"]
[WhiteElo "1695"]
[BlackElo "2150"]
[PlyCount "34"]
[EventDate "1982.??.??"]
[EventType "simul"]
[EventRounds "7"]

1. c4 e5 2. Nc3 Nc6 3. Nf3 g6 4. e4 Bg7 5. d3 d6 6. h3 Nge7 7. Be3 Nd4 8. Bxd4 exd4 9. Ne2 c5 10. Nd2 O-O 11. f4 Nc6 12. Nf3 f5 13. Rb1 Qe7 14. g4 fxe4 15. Ng5 exd3 16. Qxd3 Rxf4 17. Nf3 Nb4 0-1

[Event "RNCC"]
[Site "?"]
[Date "1982.??.??"]
[Round "5"]
[White "Brameld, Arthur F"]
[Black "Luffman, Robert C"]
[Result "1-0"]
[WhiteElo "2150"]
[BlackElo "1720"]
[PlyCount "45"]
[EventDate "1982.??.??"]
[EventType "simul"]
[EventRounds "7"]

1. e4 c5 2. Nf3 d6 3. d4 cxd4 4. Qxd4 Nc6 5. Bb5 Bd7 6. Bxc6 Bxc6 7. Nc3 Nf6 8. Bg5 Nd7 9. O-O-O Qb6 10. Rhe1 Qxd4 11. Nxd4 h6 12. Bh4 g6 13. Ndb5 Bxb5 14. Nxb5 Kd8 15. Nxd6 Rh7 16. Nxb7+ Ke8 17. Re3 Rb8 18. Rc3 f6 19. Rc7 Nb6 20. Bxf6 Rf7 21. Bd4 Nc8 22. Bc5 Rf6 23. Rd8+ 1-0

[Event "RNCC"]
[Site "?"]
[Date "1982.??.??"]
[Round "6"]
[White "Street, Martin"]
[Black "Brameld, Arthur F"]
[Result "0-1"]
[WhiteElo "1910"]
[BlackElo "2150"]
[PlyCount "62"]
[EventDate "1982.??.??"]
[EventType "simul"]
[EventRounds "7"]

1. d4 f5 2. c4 g6 3. g3 Bg7 4. Bg2 Nf6 5. Nf3 O-O 6. O-O d6 7. Nc3 c6 8. Qc2 Qc7 9. d5 e5 10. Ne1 e4 11. f3 exf3 12. exf3 cxd5 13. cxd5 Nxd5 14. Qb3 Qb6+ 15. Kh1 Qxb3 16. axb3 Nxc3 17. bxc3 Bxc3 18. Rb1 Bd7 19. f4 Bb5 20. Bxb7 Bxf1 21. Ba3 Nd7 22. Bxa8 Rxa8 23. Bxd6 Ba6 24. Kg1 Bd4+ 25. Kg2 Re8 26. Nf3 Bb7 27. Rf1 Re3 28. b4 Nb6 29. b5 Rb3 30. Be5 Bxe5 31. fxe5 Nc4 0-1

[Event "RNCC"]
[Site "?"]
[Date "1982.??.??"]
[Round "7"]
[White "Brameld, Arthur F"]
[Black "Wellard, Clive"]
[Result "1-0"]
[WhiteElo "2150"]
[BlackElo "1640"]
[PlyCount "119"]
[EventDate "1982.??.??"]
[EventType "simul"]
[EventRounds "7"]

1. e4 c6 2. d4 d5 3. exd5 cxd5 4. c4 Nf6 5. Nc3 e6 6. Nf3 Bb4 7. Bd3 dxc4 8. Bxc4 Bxc3+ 9. bxc3 O-O 10. O-O Nbd7 11. Ba3 Re8 12. Re1 Qc7 13. Qd3 b6 14. Ne5 Bb7 15. Re3 Rad8 16. Rae1 Nc5 17. Qc2 Ncd7 18. Bd3 Nf8 19. Rg3 Ng6 20. Bb5 Rxd4 21. Nxg6 hxg6 22. Bxe8 Nxe8 23. Rd1 Rd7 24. Rxd7 Qxd7 25. Rd3 Be4 26. Rxd7 Bxc2 27. Rd8 Ba4 28. Ra8 Bc6 29. Rxa7 Nf6 30. Rc7 Bd7 31. Be7 Ba4 32. Rc8+ Kh7 33. Bxf6 gxf6 34. Rb8 b5 35. c4 bxc4 36. Rb4 Bc6 37. Rxc4 Bd5 38. Rc2 Kg7 39. Rb2 f5 40. a4 Kf6 41. a5 Kg7 42. a6 Kf6 43. a7 Kg7 44. Rb8 e5 45. Rb5 Ba8 46. Rxe5 Kf6 47. Re8 Bb7 48. f4 Bc6 49. h4 Bb7 50. g3 Bc6 51. Kf2 Bb7 52. Ke3 Kg7 53. Kd4 Bc6 54. Ke5 Bh1 55. a8=Q Bxa8 56. Rxa8 Kh6 57. g4 Kg7 58. g5 Kh7 59. Ra7 Kg7 60. Rb7 1-0

[Event "IntService"]
[Site "?"]
[Date "1982.??.??"]
[Round "?"]
[White "Brameld, Arthur F"]
[Black "Sage, Geoff"]
[Result "1-0"]
[WhiteElo "2150"]
[BlackElo "1910"]
[PlyCount "89"]
[EventDate "1982.??.??"]
[EventType "simul"]
[EventRounds "2"]

1. e4 e5 2. f4 exf4 3. Nf3 Nf6 4. e5 Nd5 5. c4 Nb6 6. d4 d6 7. Bxf4 dxe5 8. Nxe5 Bf5 9. Nc3 N8d7 10. Qe2 Be7 11. O-O-O O-O 12. c5 Bg5 13. Qe3 f6 14. Bxg5 fxg5 15. cxb6 Nxb6 16. g4 Be6 17. d5 Bf7 18. Nxf7 Rxf7 19. Bd3 Qd6 20. Qe6 Qf4+ 21. Kb1 Raf8 22. Rhf1 Qb4 23. Rxf7 Rxf7 24. Rf1 Qe7 25. Bxh7+ Kf8 26. Qxf7+ Qxf7 27. Rxf7+ Kxf7 28. Bd3 a6 29. Kc2 Kf6 30. Kd2 Ke5 31. Ke3 Nd7 32. h3 Nf6 33. a4 Nd7 34. Bc4 Nf6 35. b3 a5 36. Nb5 Ne8 37. Nd4 Kf6 38. Ne6 g6 39. Kd4 b6 40. Bb5 c6 41. Bxc6 Nd6 42. Nf8 Kf7 43. Nh7 Ke7 44. Nxg5 Nc8 45. Ne4 1-0

[Event "HLge"]
[Site "?"]
[Date "1982.??.??"]
[Round "?"]
[White "Brameld, Arthur F"]
[Black "Hepworth, Mandy"]
[Result "1/2-1/2"]
[WhiteElo "2150"]
[BlackElo "1725"]
[PlyCount "80"]
[EventDate "1982.??.??"]
[EventType "swiss"]

1. e4 c5 2. Nf3 d6 3. d4 cxd4 4. Qxd4 a6 5. Be3 Nc6 6. Qb6 Qxb6 7. Bxb6 Nf6 8. Nc3 e6 9. O-O-O Be7 10. Bc7 b5 11. a3 Bb7 12. Bxd6 Bxd6 13. Rxd6 Ke7 14. Rd2 Rhd8 15. Bd3 h6 16. Rhd1 Rd7 17. h3 Rc8 18. e5 Ne8 19. Be4 Rxd2 20. Rxd2 Na5 21. Bxb7 Nxb7 22. Ne4 f6 23. exf6+ gxf6 24. g4 Ned6 25. Nxd6 Nxd6 26. Nd4 e5 27. Re2 Kf7 28. Nf3 Rg8 29. b3 h5 30. gxh5 Rh8 31. Nxe5+ fxe5 32. Rxe5 Rh6 33. Rc5 Ne4 34. Rc7+ Ke8 35. f3 Ng5 36. Rg7 Nxf3 37. Rg6 Rxh5 38. Rxa6 Rxh3 39. Rf6 Nd4 40. Rd6 Nxb3+ 1/2-1/2

[Event "HLge"]
[Site "?"]
[Date "1982.??.??"]
[Round "?"]
[White "Hepworth, Mandy"]
[Black "Brameld, Arthur F"]
[Result "0-1"]
[WhiteElo "1725"]
[BlackElo "2150"]
[PlyCount "78"]
[EventDate "1982.??.??"]
[EventType "swiss"]

1. e4 Nf6 2. e5 Nd5 3. c4 Nb6 4. d4 d6 5. f4 g5 6. exd6 Qxd6 7. fxg5 Nc6 8. Nf3 Bg4 9. d5 Ne5 10. Bf4 Bg7 11. Nbd2 Nxf3+ 12. Qxf3 Bxf3 13. Bxd6 cxd6 14. gxf3 Bxb2 15. Rb1 Bd4 16. Rb3 e6 17. dxe6 fxe6 18. f4 Rf8 19. Rf3 Rc8 20. Be2 d5 21. Nb3 Bc5 22. cxd5 Bb4+ 23. Kf2 Nxd5 24. Kg3 Bd6 25. Rhf1 Ke7 26. Bd3 Rc3 27. Bxh7 Bxf4+ 28. Kg4 Ne3+ 29. Kh5 e5 30. h4 Rc6 31. R1f2 Rh8 32. Rxe3 Rxh7+ 33. Kg4 Bxe3 34. Re2 Rc4+ 35. Kf3 Bf4 36. Kg4 Ke6 37. g6 Rd7 38. Kh5 Kf5 39. Rg2 Rc6 0-1

[Event "CoshCh"]
[Site "?"]
[Date "1982.??.??"]
[Round "?"]
[White "Brameld, Arthur F"]
[Black "Coppin, Brian"]
[Result "1-0"]
[WhiteElo "2150"]
[BlackElo "2860"]
[PlyCount "81"]
[EventDate "1982.??.??"]
[EventType "swiss"]

1. e4 c5 2. Nf3 d6 3. d4 cxd4 4. Qxd4 Nc6 5. Bb5 Bd7 6. Bxc6 Bxc6 7. Nc3 Nf6 8. Bg5 e5 9. Qd3 Be7 10. O-O-O Ng4 11. Bxe7 Qxe7 12. Rd2 Rd8 13. Rhd1 a6 14. h3 Nf6 15. g4 O-O 16. g5 Nh5 17. h4 Nf4 18. Qc4 Kh8 19. Qb4 Rfe8 20. Rxd6 Rxd6 21. Qxd6 Qxd6 22. Rxd6 g6 23. Rf6 Kg7 24. Nxe5 Rxe5 25. Rxf4 a5 26. f3 Rc5 27. Rf6 b5 28. Rd6 b4 29. Nd5 Bb5 30. Nf6 Rc8 31. Kd2 h6 32. Rd5 Rb8 33. f4 a4 34. b3 axb3 35. axb3 hxg5 36. hxg5 Bf1 37. Rd7 Bh3 38. Rc7 Be6 39. Ke3 Ra8 40. Rb7 Ra2 41. Rb8 1-0